LEADER 01350nam 2200349 450 001 990000943860203316 035 $a0094386 035 $aUSA010094386 035 $a(ALEPH)000094386USA01 035 $a0094386 100 $a20020205d--------km-y0itay0103----ba 101 $aita 102 $aIT 105 $a||||||||001yy 200 1 $aSeminario e Tavola rotonda sul Esercizio del diritto del voto degli italiani all'estero$eFirenze, 1 ottobre 1988 210 $aRoma$cF.lli Palombi 215 $a123 p$d24 cm 300 $aIn testa al front.: Seconda conferenza nazionale dell'emigrazione quaderno di documantazione preparatoria n.5. In cop.: Ministero degli affari esteri, Consiglio nazionale dell'economia e del lavoro 410 $12001 606 0 $aDiritto al voto$xItaliani all'estero 676 $a342.4507 710 12$aSeminario e Tavola rotonda sul Esercizio del diritto del voto degli italiani all'estero <1988 ; Firenze>$0552335 801 0$aIT$bsalbc$gISBD 912 $a990000943860203316 951 $aISP V 485 5$b77161 G$cISP V 959 $aBK 969 $aGIU 979 $aPATTY$b90$c20020205$lUSA01$h1011 979 $c20020403$lUSA01$h1737 979 $aPATRY$b90$c20040406$lUSA01$h1705 996 $aSeminario e Tavola rotonda sul Esercizio del diritto del voto degli italiani all'estero$9973729 997 $aUNISA LEADER 00927nam0-22002891i-450- 001 990001801080403321 005 20021010 035 $a000180108 035 $aFED01000180108 035 $a(Aleph)000180108FED01 035 $a000180108 100 $a20021010d--------km-y0itay50------ba 101 0 $aita 200 1 $aAlcuni cenni sui fichi e sul nuovo metodo d' apparecchio brevettato e premiato all' Esposizione di Milano, 1881$fFrancesco Maurano. 210 $aNapoli$cTip. Giannini$d1883. 215 $a3 p.$d21 cm 610 0 $aFichi 676 $a634.37 700 1$aMaurano,$bFrancesco$079056 801 0$aIT$bUNINA$gRICA$2UNIMARC 901 $aBK 912 $a990001801080403321 952 $a60 DONO COMES 4/34$b37780$fFAGBC 959 $aFAGBC 996 $aAlcuni cenni sui fichi e sul nuovo metodo d' apparecchio brevettato e premiato all' Esposizione di Milano, 1881$9411327 997 $aUNINA DB $aING01 LEADER 01202nam--2200373---450- 001 990002221770203316 005 20090504135610.0 035 $a000222177 035 $aUSA01000222177 035 $a(ALEPH)000222177USA01 035 $a000222177 100 $a20041126d1983----km-y0itay0103----ba 101 0 $aeng 102 $aUS 105 $a||||||||001yy 200 1 $a<> Islamic response to imperialism$fNikki R. Keddie$gincluding a translation of the "Refutation of the materialists" from the original Persian by Nikki R. Keddie and Hamid Algar 210 $aBerkeley$cUniversity of California Press$d1983 215 $aXXIV, 212 p.$d21 cm 410 0$12001 454 1$12001 461 1$1001-------$12001 600 1 $aal-Afghani,$bJamal ad-Din 676 $a297.0924 700 1$aKEDDIE,$bNikki R.$0299251 701 1$aALGAR,$bHamid$0569495 801 0$aIT$bsalbc$gISBD 912 $a990002221770203316 951 $aII.2. 5067 (ISP IV 370)$b22465 E.C.$cISP IV$d00191136 959 $aBK 969 $aECO 979 $aSIAV6$b10$c20041126$lUSA01$h1627 979 $aRSIAV1$b90$c20090504$lUSA01$h1356 996 $aIslamic response to imperialism$91035592 997 $aUNISA